[Event "OSEM SH 2017"]
[Site "Büsum"]
[Date "2017.09.12"]
[Round "5.55"]
[White "Chmielewski, Axel"]
[Black "Flockerzi, Armin"]
[Result "1-0"]
[WhiteElo "1860"]
[BlackElo "1758"]
[PlyCount "69"]
[EventDate "2017.??.??"]
[WhiteTeam "Volksdorfer SK"]
[BlackTeam "VfR-SC Koblenz"]

1. d4 d5 2. Nf3 c6 3. c4 dxc4 4. a4 e6 5. e3 Bb4+ 6. Bd2 Bxd2+ 7. Qxd2 Nf6 8.
Bxc4 O-O 9. O-O b6 10. Qe2 Bb7 11. Nc3 a6 12. Rfd1 b5 13. Bd3 b4 14. Ne4 Nxe4
15. Bxe4 a5 16. Ne5 f5 17. Bf3 Qe7 18. Rac1 Qd6 19. b3 Ra7 20. Qc2 Rc8 21. Nc4
Qc7 22. e4 c5 23. d5 Qf4 24. exf5 Qxf5 25. Be4 Qh5 26. Nd6 Rf8 27. Qxc5 Qe2 28.
Qxa7 Bxd5 29. Bxd5 exd5 30. Qe3 Qg4 31. Rxd5 Qd7 32. Rcd1 Nc6 33. Nc4 Qf7 34.
Ne5 Nxe5 35. Rxe5 1-0

[Event "OSEM SH 2017"]
[Site "Büsum"]
[Date "2017.09.12"]
[Round "5.56"]
[White "Johnen, Franz"]
[Black "Thieme, Wolfgang"]
[Result "1/2-1/2"]
[WhiteElo "1713"]
[BlackElo "1939"]
[PlyCount "28"]
[EventDate "2017.??.??"]
[WhiteTeam "SVG Alsdorf"]
[BlackTeam "SC Bayer Uerdingen"]

1. d4 Nf6 2. Nf3 g6 3. e3 Bg7 4. Be2 O-O 5. O-O d5 6. c4 c6 7. Nc3 Nbd7 8. b3
Ne4 9. Bb2 Ndf6 10. Nd2 Nxc3 11. Bxc3 Bf5 12. Bf3 Ne4 13. Nxe4 dxe4 14. Bg4 e6
1/2-1/2

[Event "OSEM SH 2017"]
[Site "Büsum"]
[Date "2017.09.12"]
[Round "5.57"]
[White "Jung, Michael"]
[Black "Lehr, Thomas"]
[Result "0-1"]
[WhiteElo "1794"]
[BlackElo "1922"]
[PlyCount "52"]
[EventDate "2017.??.??"]
[WhiteTeam "SV Osnabrück"]
[BlackTeam "Husumer SV"]

1. c4 Nf6 2. Nc3 d6 3. e4 e5 4. h3 c6 5. d3 Be7 6. Bg5 Nxe4 7. Bxe7 Nxc3 8.
Bxd8 Nxd1 9. Bc7 Nxb2 10. Bxd6 f6 11. a4 Bf5 12. Kd2 Na6 13. Ra2 Nxc4+ 14. dxc4
O-O-O 15. Nf3 Rxd6+ 16. Kc3 Rhd8 17. Be2 Nc5 18. g4 Bd3 19. Kb4 b6 20. a5 Bxe2
21. Rxe2 Rd3 22. axb6 axb6 23. Rb1 Rxf3 24. Ra2 Kb7 25. h4 Rdd3 26. Rbb2 Na6+
0-1

[Event "OSEM SH 2017"]
[Site "Büsum"]
[Date "2017.09.12"]
[Round "5.58"]
[White "Gehrmann, Dorit"]
[Black "Schmieder, Wolfgang Ernst"]
[Result "1/2-1/2"]
[WhiteElo "1920"]
[BlackElo "1800"]
[PlyCount "73"]
[EventDate "2017.??.??"]
[WhiteTeam "SV Eutin"]
[BlackTeam "Kasseler SK"]

1. e4 b6 2. d4 Bb7 3. Nc3 g6 4. Nf3 Bg7 5. Be2 a5 6. Bf4 Ba6 7. Nb5 d6 8. c4 c6
9. Nc3 Nd7 10. Qa4 Bb7 11. O-O Ngf6 12. h3 O-O 13. Rad1 Qc8 14. Rfe1 h6 15. Qb3
Kh7 16. Bd3 Ng8 17. h4 Qc7 18. Bg3 e5 19. dxe5 dxe5 20. Qc2 Nc5 21. Qe2 f6 22.
Bc2 Rad8 23. Nh2 Rxd1 24. Rxd1 Rd8 25. Rf1 Ne6 26. Bd1 Nd4 27. Qe1 Ne6 28. h5
g5 29. Bg4 Bc8 30. Bd1 Nd4 31. Ng4 Be6 32. Ne3 Bf7 33. Bh2 Ne6 34. Nf5 Ne7 35.
Nxg7 Kxg7 36. b3 Qd6 37. Qe3 1/2-1/2

[Event "OSEM SH 2017"]
[Site "Büsum"]
[Date "2017.09.12"]
[Round "5.59"]
[White "Kluger, Hans-Peter"]
[Black "Reinke, Kurt"]
[Result "0-1"]
[WhiteElo "1917"]
[BlackElo "1793"]
[PlyCount "66"]
[EventDate "2017.??.??"]
[WhiteTeam "SK Bad Harzburg"]
[BlackTeam "SG Benrath"]

1. d4 d5 2. c4 e5 3. e3 e4 4. cxd5 Qxd5 5. a3 Nf6 6. Nc3 Qg5 7. Qc2 Qg6 8. Nb5
Na6 9. Nxc7+ Nxc7 10. Qxc7 Bd7 11. Qxb7 Rc8 12. Ne2 Bd6 13. Ng3 O-O 14. Be2 Rc7
15. Qa6 Rc6 16. Qa5 Rfc8 17. O-O Bc7 18. Qe1 a6 19. Bd2 h5 20. f4 h4 21. Nh1
Qh6 22. Qd1 Bd8 23. Bc3 Nd5 24. Bd2 Rc2 25. Bxa6 Qxa6 26. Rb1 Qd3 27. Rf2 Nxe3
28. Qe1 Nf5 29. Re2 Qxd4+ 30. Kf1 Bb5 31. Rd1 Bb6 32. Nf2 e3 33. Bxe3 Nxe3+ 0-1

[Event "OSEM SH 2017"]
[Site "Büsum"]
[Date "2017.09.12"]
[Round "5.60"]
[White "Borries, Barbara"]
[Black "Josting, Friedel"]
[Result "0-1"]
[WhiteElo "1790"]
[BlackElo "1884"]
[PlyCount "100"]
[EventDate "2017.??.??"]
[WhiteTeam "SC Taufkirchen"]
[BlackTeam "SG Bünde"]

1. e4 c5 2. Nf3 e6 3. d4 cxd4 4. Nxd4 a6 5. c4 Nc6 6. Nc3 Nf6 7. a3 d6 8. Nxc6
bxc6 9. Be3 Be7 10. Be2 O-O 11. O-O Qc7 12. Qc2 Bb7 13. Rad1 Rfd8 14. Rd2 Rac8
15. f4 d5 16. e5 Nd7 17. Bd3 g6 18. Qd1 c5 19. cxd5 exd5 20. Bf2 Nb6 21. Qe2 c4
22. Bb1 Bc5 23. Kh1 Re8 24. Bh4 Be7 25. Bg3 f5 26. Bf2 Bc5 27. Bh4 d4 28. Nd1
d3 29. Qe1 Nd5 30. Qg3 Be7 31. Bxe7 Qxe7 32. Ba2 Kh8 33. Ne3 Nxe3 34. Qxe3 Qc5
35. Qg3 Bd5 36. h4 Qe7 37. Kh2 Rb8 38. Rc1 Rec8 39. Qf2 Qc5 40. Qxc5 Rxc5 41.
b3 cxb3 42. Rxc5 bxa2 43. Rxd5 a1=Q 44. R5xd3 Qe1 45. Kh3 Qe4 46. Kg3 Kg7 47.
Rd7+ Kh6 48. R7d4 Rb3+ 49. Kh2 Qe1 50. R4d3 Qxh4+ 0-1

[Event "OSEM SH 2017"]
[Site "Büsum"]
[Date "2017.09.12"]
[Round "5.61"]
[White "Eschweiler, Gottfried"]
[Black "Klügel, Jan"]
[Result "1/2-1/2"]
[WhiteElo "1766"]
[BlackElo "1884"]
[PlyCount "112"]
[EventDate "2017.??.??"]
[WhiteTeam "Pulheimer SC"]
[BlackTeam "SV Rendsburg"]

1. Nf3 d5 2. d3 c6 3. g3 Bf5 4. Bg2 h6 5. O-O e6 6. Nbd2 Nf6 7. b3 Bc5 8. Bb2
O-O 9. c4 Nbd7 10. a3 Re8 11. b4 Bb6 12. c5 Bc7 13. Re1 Bh7 14. e4 dxe4 15.
dxe4 Qe7 16. Qe2 Rad8 17. h4 Nf8 18. Rad1 Rd7 19. Ne5 Rdd8 20. Ndc4 Ng6 21.
Nxg6 Bxg6 22. Ne5 Bh7 23. Nc4 Rxd1 24. Rxd1 Rd8 25. Rxd8+ Qxd8 26. Bxf6 gxf6
27. Ne3 Qd4 28. Nf1 Be5 29. Qe3 h5 30. Qd2 Bg6 31. Qxd4 Bxd4 32. Nd2 Kf8 33.
Kf1 Ke7 34. Ke2 Kd7 35. Nc4 b6 36. cxb6 axb6 37. f4 b5 38. Ne3 Bb2 39. Nc2 Kc7
40. Bf3 Kb6 41. Kd3 c5 42. bxc5+ Kxc5 43. g4 hxg4 44. Bxg4 f5 45. exf5 exf5 46.
Bf3 Bc1 47. h5 Bh7 48. Ne3 Bxa3 49. Bd5 Bc1 50. Bxf7 Bxe3 51. Kxe3 Kd6 52. Kd3
Ke7 53. Bb3 Kf8 54. Kc3 Bg8 55. Bc2 Be6 56. Kb4 Bd7 1/2-1/2

[Event "OSEM SH 2017"]
[Site "Büsum"]
[Date "2017.09.12"]
[Round "5.62"]
[White "Garms, Ilse"]
[Black "Nickel, Jürgen"]
[Result "1/2-1/2"]
[WhiteElo "1759"]
[BlackElo "1882"]
[PlyCount "110"]
[EventDate "2017.??.??"]
[WhiteTeam "ESV Eberswalde"]
[BlackTeam "Flensburger SK"]

1. d4 Nf6 2. c4 e5 3. dxe5 Ng4 4. Nf3 Bc5 5. e3 Nc6 6. h3 Ngxe5 7. Nbd2 Qe7 8.
a3 a5 9. Be2 d6 10. O-O O-O 11. b3 Bf5 12. Re1 Nxf3+ 13. Nxf3 Qf6 14. Ra2 Rfe8
15. Bb2 Qe7 16. Bd3 Bxd3 17. Qxd3 Ne5 18. Qe4 Nxf3+ 19. Qxf3 Qe4 20. Qxe4 Rxe4
21. Raa1 Rae8 22. Rad1 f5 23. a4 f4 24. Bc1 fxe3 25. fxe3 Bxe3+ 26. Bxe3 Rxe3
27. Rxe3 Rxe3 28. Rb1 Kf7 29. Kf2 Re5 30. Rb2 Ke6 31. Kf3 b6 32. Rd2 Kd7 33. h4
Kc6 34. Kf4 Kc5 35. Rd3 Kb4 36. g4 Re1 37. Kf5 Rb1 38. Ke6 Rxb3 39. Rd4 Kxa4
40. Kf7 Kb4 41. Kxg7 a4 42. c5+ Kxc5 43. Rxa4 Rb4 44. Rxb4 Kxb4 45. Kxh7 d5 46.
g5 d4 47. g6 d3 48. g7 d2 49. g8=Q d1=Q 50. Qg6 Qd7+ 51. Kh6 Qd6 52. h5 Qf8+
53. Qg7 Qf4+ 54. Kh7 Qf5+ 55. Qg6 Qd7+ 1/2-1/2

[Event "OSEM SH 2017"]
[Site "Büsum"]
[Date "2017.09.12"]
[Round "5.63"]
[White "Kronseder, Michael"]
[Black "Hadlich, Winfried"]
[Result "1-0"]
[WhiteElo "1724"]
[BlackElo "1869"]
[PlyCount "121"]
[EventDate "2017.??.??"]
[WhiteTeam "SV Hürth-Berrenrath"]
[BlackTeam "SV Holstein Quickborn"]

1. e4 Nf6 2. e5 Nd5 3. c4 Nb6 4. c5 Nd5 5. Nc3 c6 6. Bc4 d6 7. Qb3 dxe5 8. Nf3
e6 9. Nxe5 Bxc5 10. O-O O-O 11. Ne4 Bd4 12. Nf3 Nf6 13. Re1 Bb6 14. d4 Nbd7 15.
Bg5 Bc7 16. Rad1 b5 17. Bd3 Nb6 18. Ne5 Bd7 19. Re3 Nbd5 20. Rg3 Kh8 21. Rh3 g6
22. Nxd7 Qxd7 23. Nxf6 Nxf6 24. Bxf6+ Kg8 25. Be4 Bd8 26. Qf3 Bxf6 27. Qxf6
Rac8 28. Rdd3 Qd8 29. Qf4 f5 30. Qh6 Qe7 31. Rdg3 Qg7 32. Bf3 Qxh6 33. Rxh6 Kg7
34. Rgh3 Rh8 35. g4 c5 36. d5 exd5 37. gxf5 Rcf8 38. Bxd5 Rxf5 39. Be4 Rg5+ 40.
Kf1 c4 41. R6h4 Re5 42. Ra3 Re7 43. Bc6 Rb8 44. Rah3 Kg8 45. Bd5+ Kh8 46. Rg3
Rb6 47. Re4 Rxe4 48. Bxe4 a5 49. h4 b4 50. Rg5 a4 51. Ra5 a3 52. bxa3 b3 53.
axb3 cxb3 54. a4 Rb4 55. f3 b2 56. Rb5 b1=Q+ 57. Bxb1 Rxa4 58. h5 Kg7 59. hxg6
hxg6 60. Rb7+ Kf8 61. Bxg6 1-0

[Event "OSEM SH 2017"]
[Site "Büsum"]
[Date "2017.09.12"]
[Round "5.64"]
[White "Duijker, Bert"]
[Black "Schwab, Wolfgang"]
[Result "1-0"]
[WhiteElo "1868"]
[BlackElo "1790"]
[PlyCount "89"]
[EventDate "2017.??.??"]
[WhiteTeam "ASV Arnhem"]
[BlackTeam "SV Turm Sankt Augustin"]

1. Nf3 c5 2. c4 e6 3. d4 cxd4 4. Nxd4 Nc6 5. a3 Nf6 6. Nc3 a6 7. e4 d6 8. Be2
Be7 9. Be3 Qc7 10. Rc1 Ne5 11. f4 Ned7 12. O-O b6 13. b4 Bb7 14. Bd3 Rc8 15.
Nb3 Qb8 16. Nd2 Qa8 17. Qe2 h5 18. h3 h4 19. f5 e5 20. Nd5 Bxd5 21. cxd5 b5 22.
Nb3 O-O 23. Na5 Rxc1 24. Rxc1 Rc8 25. Nc6 Kf8 26. Bf2 Nb8 27. Bxh4 Nxc6 28.
dxc6 Rxc6 29. Rxc6 Qxc6 30. Qc2 Qxc2 31. Bxc2 Nd7 32. Bf2 Bd8 33. g4 Bb6 34. a4
bxa4 35. Bxa4 Bxf2+ 36. Kxf2 Ke7 37. Ke3 Nb6 38. Bb3 f6 39. h4 Kd7 40. g5 Kc6
41. gxf6 gxf6 42. Be6 Nd7 43. Bxd7+ Kxd7 44. Kd3 Ke7 45. Kc4 1-0

[Event "OSEM SH 2017"]
[Site "Büsum"]
[Date "2017.09.12"]
[Round "5.65"]
[White "Riha, Peter"]
[Black "Klüver, Horst"]
[Result "1/2-1/2"]
[WhiteElo "1736"]
[BlackElo "1867"]
[PlyCount "57"]
[EventDate "2017.??.??"]
[WhiteTeam "Schleswiger SV"]
[BlackTeam "Itzehoer SV"]

1. d4 d5 2. Bf4 e6 3. e3 Nf6 4. Nf3 h6 5. h3 a6 6. Nbd2 c5 7. c3 Nc6 8. Bd3 c4
9. Bc2 Bd6 10. Bxd6 Qxd6 11. O-O O-O 12. e4 Nd7 13. e5 Qc7 14. Nh2 f5 15. f4
Rf7 16. b3 b5 17. b4 Nf8 18. a4 Ra7 19. Qh5 Bd7 20. Kh1 Be8 21. Rg1 Qd8 22. Qe2
Qh4 23. Qe3 Nd8 24. a5 Kh8 25. Ndf3 Qe7 26. Raf1 Nh7 27. Rf2 g5 28. fxg5 hxg5
29. g4 1/2-1/2

[Event "OSEM SH 2017"]
[Site "Büsum"]
[Date "2017.09.12"]
[Round "5.66"]
[White "Cordsen, Heinrich"]
[Black "Kienel, Norbert"]
[Result "1/2-1/2"]
[WhiteElo "1722"]
[BlackElo "1837"]
[PlyCount "120"]
[EventDate "2017.??.??"]
[WhiteTeam "SK Union Oldenburg"]
[BlackTeam "SV Osnabrück"]

1. e4 c5 2. f4 d6 3. Bb5+ Nd7 4. Nf3 Ngf6 5. d3 a6 6. Bxd7+ Bxd7 7. c4 Bc6 8.
Nc3 g6 9. O-O Bg7 10. Qe1 b5 11. e5 dxe5 12. Nxe5 Qd6 13. Be3 b4 14. Ne2 Nd7
15. Nxd7 Bxd7 16. Rb1 Bf5 17. Rd1 Bxb2 18. d4 cxd4 19. Nxd4 Bg4 20. Nf3 Qe6 21.
Bc5 Bc3 22. Qh4 Bxf3 23. Rxf3 Bf6 24. Qh6 Qxc4 25. Bb6 Rb8 26. Rfd3 e6 27. Ba7
Rd8 28. Rxd8+ Bxd8 29. Qg7 Rf8 30. Rxd8+ Kxd8 31. Qxf8+ Kd7 32. Qxf7+ Kc6 33.
Qe8+ Kd5 34. Qd7+ Ke4 35. Qd2 Kf5 36. Be3 Qe4 37. Kf2 h6 38. h3 h5 39. Qe2 Qd5
40. g4+ hxg4 41. Qxg4+ Kf6 42. Qg5+ Kf7 43. Qxd5 exd5 44. Bc5 a5 45. Ke3 Ke6
46. h4 Kf5 47. Bd6 Ke6 48. Bc7 a4 49. Be5 b3 50. axb3 axb3 51. Kd3 Kf5 52. Ke3
Kg4 53. Bf6 b2 54. Bxb2 Kxh4 55. Bf6+ Kg4 56. Bg5 Kf5 57. Kd4 Ke6 58. Bh6 Kd6
59. Bg7 Ke6 60. Be5 Kf5 1/2-1/2

[Event "OSEM SH 2017"]
[Site "Büsum"]
[Date "2017.09.12"]
[Round "5.67"]
[White "Kolkwitz, Klaus"]
[Black "Decho, Wilhelm"]
[Result "1-0"]
[WhiteElo "1836"]
[BlackElo "1750"]
[PlyCount "29"]
[EventDate "2017.??.??"]
[WhiteTeam "ESV Eberswalde"]
[BlackTeam "Vereinslos"]

1. d4 Nf6 2. Nf3 d5 3. e3 h6 4. Bd3 e6 5. Nbd2 Be7 6. c3 O-O 7. O-O c5 8. Qe2
c4 9. Bc2 b5 10. b3 Bd7 11. e4 dxe4 12. Nxe4 cxb3 13. axb3 a6 14. Nxf6+ Bxf6
15. Qe4 1-0

[Event "OSEM SH 2017"]
[Site "Büsum"]
[Date "2017.09.12"]
[Round "5.68"]
[White "Fritsch, Jürgen"]
[Black "Westphal-Stubbe, Siegbert"]
[Result "1-0"]
[WhiteElo "1831"]
[BlackElo "1722"]
[PlyCount "117"]
[EventDate "2017.??.??"]
[WhiteTeam "HSK LTu"]
[BlackTeam "SG Plöner See"]

1. e4 c5 2. Nc3 e6 3. Bc4 a6 4. a4 b6 5. d3 d6 6. Nf3 Nd7 7. O-O Ngf6 8. Ng5
Ne5 9. Bb3 h6 10. Nh3 Bb7 11. f3 Be7 12. Nf2 O-O 13. f4 Ned7 14. Qe2 d5 15. e5
Nh7 16. Nh3 Qc7 17. Bd2 Qc6 18. Ba2 b5 19. a5 b4 20. Nd1 Rac8 21. Bb3 Qc7 22.
Ne3 Nb8 23. c3 bxc3 24. bxc3 Nc6 25. c4 Nd4 26. Qd1 Nxb3 27. Qxb3 d4 28. Nc2
Rb8 29. Qa4 Bc6 30. Qa2 Bb7 31. Nf2 Qc6 32. Ne4 f5 33. exf6 Nxf6 34. Nxf6+ Rxf6
35. Ne1 Rg6 36. Nf3 Bd6 37. Rab1 Ba8 38. Rxb8+ Bxb8 39. Qb1 Bc7 40. Qd1 Rf6 41.
Nh4 e5 42. fxe5 Bxe5 43. Nf3 Rf8 44. Qe2 Bf6 45. Bf4 Re8 46. Qf2 Qd7 47. Rb1
Bxf3 48. Qxf3 Qe6 49. Kf2 Rf8 50. Rb6 Qc8 51. Qd5+ Kh7 52. Rb8 Qxb8 53. Bxb8
Rxb8 54. Qxc5 Rb2+ 55. Kf3 Rd2 56. Qf5+ Kg8 57. c5 Rd1 58. Ke2 Rc1 59. c6 1-0

[Event "OSEM SH 2017"]
[Site "Büsum"]
[Date "2017.09.12"]
[Round "5.69"]
[White "Welsch, Dieter Sen"]
[Black "Stratmann, Alois"]
[Result "1-0"]
[WhiteElo "1823"]
[BlackElo "1580"]
[PlyCount "29"]
[EventDate "2017.??.??"]
[WhiteTeam "SC Cochem"]
[BlackTeam "SV Ahlen"]

1. e4 c5 2. f4 e6 3. Nf3 Ne7 4. b3 b6 5. Bb2 Bb7 6. Bd3 d6 7. O-O Nd7 8. Ng5
Nf6 9. e5 dxe5 10. fxe5 Qd5 11. Qe2 Qxg2+ 12. Qxg2 Bxg2 13. Kxg2 h6 14. Nxf7
Kxf7 15. exf6 1-0

[Event "OSEM SH 2017"]
[Site "Büsum"]
[Date "2017.09.12"]
[Round "5.70"]
[White "Weck, Uwe"]
[Black "Auterhoff, Jürgen"]
[Result "0-1"]
[WhiteElo "1591"]
[BlackElo "1815"]
[PlyCount "66"]
[EventDate "2017.??.??"]
[WhiteTeam "SK Kaltenkirchen"]
[BlackTeam "SC Pasing"]

1. e4 e5 2. Nf3 Nf6 3. Bc4 Nc6 4. O-O Bc5 5. c3 d6 6. d4 exd4 7. cxd4 Bb6 8.
Bg5 h6 9. e5 hxg5 10. exf6 Qxf6 11. Re1+ Kd8 12. Qd2 Bxd4 13. Qxg5 Bxb2 14.
Nbd2 Bxa1 15. Ne4 Qxg5 16. Nexg5 Rf8 17. Rxa1 Bg4 18. Bxf7 Kd7 19. Nh4 Ne5 20.
Bd5 c6 21. Be4 Rae8 22. f3 Be6 23. Rf1 d5 24. Nxe6 Kxe6 25. Bc2 g5 26. f4 Rxf4
27. Nf3 Nxf3+ 28. gxf3 Ref8 29. Re1+ Kd6 30. Bd1 b6 31. h3 c5 32. Re3 R8f7 33.
Kg2 Re7 0-1

[Event "OSEM SH 2017"]
[Site "Büsum"]
[Date "2017.09.12"]
[Round "5.71"]
[White "Kühnen, Gerhard"]
[Black "Langmann, Claus"]
[Result "1/2-1/2"]
[WhiteElo "1639"]
[BlackElo "1834"]
[PlyCount "39"]
[EventDate "2017.??.??"]
[WhiteTeam "Flensburger SK"]
[BlackTeam "Hamburger SK"]

1. d4 Nf6 2. e3 d5 3. Bd3 e6 4. c3 Nbd7 5. f4 Bd6 6. Nf3 b6 7. O-O Bb7 8. b3
Qe7 9. a4 a5 10. Ne5 Ne4 11. Bb5 Bxe5 12. fxe5 O-O-O 13. Qe2 f5 14. Ba3 Qe8 15.
b4 c6 16. Ba6 axb4 17. cxb4 Nb8 18. Bxb7+ Kxb7 19. b5 Rc8 20. Rc1 1/2-1/2

[Event "OSEM SH 2017"]
[Site "Büsum"]
[Date "2017.09.12"]
[Round "5.72"]
[White "Krneta, Slavko"]
[Black "Lachat, Martin"]
[Result "0-1"]
[WhiteElo "1810"]
[BlackElo "1636"]
[PlyCount "67"]
[EventDate "2017.??.??"]
[WhiteTeam "FG Wohlde"]
[BlackTeam "ASK Réti Zürich"]

1. e4 d5 2. e5 Bf5 3. f4 e6 4. Nf3 Ne7 5. c3 Ng6 6. d4 Be7 7. Bd3 Bxd3 8. Qxd3
Qd7 9. Be3 O-O 10. O-O a6 11. g4 Nh4 12. Nbd2 Qb5 13. Qxb5 axb5 14. Kf2 Nd7 15.
Nxh4 Bxh4+ 16. Kf3 f6 17. Ke2 fxe5 18. fxe5 Rxf1 19. Kxf1 Be7 20. Ke2 b6 21.
Kd3 c5 22. Kc2 c4 23. Nf3 Nf8 24. Bd2 h6 25. b3 Ng6 26. a4 bxa4 27. bxc4 dxc4
28. Rb1 a3 29. Bc1 Rf8 30. Nd2 Rf2 31. Rxb6 Nf4 32. Ra6 Nd3 33. Ra8+ Kf7 34.
Rxa3 0-1

[Event "OSEM SH 2017"]
[Site "Büsum"]
[Date "2017.09.12"]
[Round "5.73"]
[White "Bierwald, Martin"]
[Black "Harke, Horst"]
[Result "0-1"]
[WhiteElo "1637"]
[BlackElo "1810"]
[PlyCount "90"]
[EventDate "2017.??.??"]
[WhiteTeam "Königsspr. SC"]
[BlackTeam "SK Varel"]

1. e4 e5 2. Nf3 Nf6 3. Nxe5 d6 4. Nf3 Nxe4 5. d4 Be7 6. Bd3 f5 7. O-O O-O 8.
Re1 d5 9. Nbd2 c6 10. Ne5 c5 11. c3 cxd4 12. cxd4 Bf6 13. f4 Bxe5 14. fxe5 Nxd2
15. Bxd2 Be6 16. Bc3 a6 17. Rf1 b5 18. a3 Nc6 19. Be2 Qb6 20. Kh1 g6 21. b4
Rac8 22. Qd2 Kg7 23. Rac1 Rf7 24. Rfd1 f4 25. h3 Ne7 26. Bd3 f3 27. Rf1 Rcf8
28. Kh2 fxg2 29. Rxf7+ Rxf7 30. Kxg2 Bf5 31. Bxf5 Nxf5 32. Bb2 Rc7 33. Rxc7+
Qxc7 34. Qd3 a5 35. Kf2 axb4 36. axb4 Qd7 37. Qf3 Qc6 38. Qd3 Qd7 39. Qf3 Qd8
40. Qg4 Qf8 41. Qf3 Qxb4 42. Bc3 Qc4 43. e6 Qa2+ 44. Qe2 Qxe2+ 45. Kxe2 Kf6 0-1

[Event "OSEM SH 2017"]
[Site "Büsum"]
[Date "2017.09.12"]
[Round "5.74"]
[White "Jovi, Klaus"]
[Black "Dachrodt, Heinz-Günther"]
[Result "0-1"]
[WhiteElo "1608"]
[BlackElo "1734"]
[PlyCount "98"]
[EventDate "2017.??.??"]
[WhiteTeam "SV Grevenbroich"]
[BlackTeam "Sport Union Annen"]

1. e4 c5 2. c3 d6 3. d4 cxd4 4. cxd4 Nf6 5. Nc3 g6 6. Be2 Bg7 7. Nf3 O-O 8. O-O
Bg4 9. h3 Bxf3 10. Bxf3 e5 11. Bg5 Nc6 12. dxe5 dxe5 13. Nd5 Nd4 14. Qd3 Qd6
15. Nxf6+ Bxf6 16. Bxf6 Qxf6 17. Rac1 Rac8 18. Rc3 Nxf3+ 19. Qxf3 Qxf3 20. Rxf3
Rc2 21. Rb3 b6 22. f3 Rd8 23. Kh2 Rdd2 24. Rg1 Rxb2 25. Rxb2 Rxb2 26. Ra1 a5
27. a4 Kg7 28. Kg3 f5 29. exf5 gxf5 30. Ra3 f4+ 31. Kh2 Rb4 32. h4 h5 33. g3
fxg3+ 34. Kxg3 Kf6 35. Kh3 Ke6 36. Kg3 Kd5 37. Kh3 Kd4 38. Kg3 Kc4 39. f4 Rb3+
40. Rxb3 exf4+ 41. Kxf4 Kxb3 42. Kg5 Kxa4 43. Kxh5 Kb3 44. Kg6 a4 45. h5 a3 46.
h6 a2 47. h7 a1=Q 48. Kf7 Qh8 49. Kg6 Kc4 0-1

[Event "OSEM SH 2017"]
[Site "Büsum"]
[Date "2017.09.12"]
[Round "5.75"]
[White "Rudolph, Karl-Heinz"]
[Black "Möller, Bernd"]
[Result "0-1"]
[WhiteElo "1577"]
[BlackElo "1717"]
[PlyCount "60"]
[EventDate "2017.??.??"]
[WhiteTeam "SV Irxleben"]
[BlackTeam "SV Bad Schwartau"]

1. e4 e5 2. f4 exf4 3. Nf3 Be7 4. Bc4 Nf6 5. e5 Ne4 6. Qe2 d5 7. exd6 Nxd6 8.
O-O O-O 9. Bb3 Re8 10. d4 Bf6 11. Qd1 Bd7 12. Bxf4 Nc6 13. Bxd6 cxd6 14. c3 Na5
15. Bc2 d5 16. Nbd2 Bb5 17. Re1 Qb6 18. Kh1 g6 19. Ne5 Bh4 20. g3 Bf6 21. Ndf3
Rad8 22. Qd2 Nc4 23. Qf4 Re7 24. Nxc4 dxc4 25. Rxe7 Bxe7 26. Re1 Re8 27. Ne5
Bf6 28. Be4 Re7 29. Nc6 Bxc6 30. d5 Bxd5 0-1

[Event "OSEM SH 2017"]
[Site "Büsum"]
[Date "2017.09.12"]
[Round "5.76"]
[White "Schröder, Harm"]
[Black "Schütt, Günter"]
[Result "1-0"]
[WhiteElo "1696"]
[BlackElo "1573"]
[PlyCount "57"]
[EventDate "2017.??.??"]
[WhiteTeam "SK Union Oldenburg"]
[BlackTeam "SV Strand"]

1. e4 c5 2. Nf3 Nc6 3. d4 cxd4 4. Nxd4 Nf6 5. Nc3 e5 6. Ndb5 a6 7. Nd6+ Bxd6 8.
Qxd6 Qe7 9. Qd1 O-O 10. Bg5 Qe6 11. Bxf6 Qxf6 12. Nd5 Qg6 13. Qd3 Kh8 14. O-O-O
f5 15. f3 fxe4 16. fxe4 Qg5+ 17. Kb1 b5 18. g3 Ra7 19. Bg2 Ne7 20. Rhf1 Rxf1
21. Rxf1 g6 22. Qf3 Ng8 23. Qf8 d6 24. Qxc8 Kg7 25. Qf8+ Kh8 26. Nf6 Rg7 27.
Nxg8 Rxg8 28. Qxd6 Rd8 29. Rf8+ 1-0

[Event "OSEM SH 2017"]
[Site "Büsum"]
[Date "2017.09.12"]
[Round "5.77"]
[White "Narr, Irmgard"]
[Black "Girod, Gudrun"]
[Result "1/2-1/2"]
[WhiteElo "1685"]
[BlackElo "1546"]
[PlyCount "34"]
[EventDate "2017.??.??"]
[WhiteTeam "SC Mühlhof-Reichelsdorf"]
[BlackTeam "Hannover 96"]

1. e4 e6 2. Nf3 d5 3. exd5 exd5 4. d4 c6 5. c3 Nf6 6. Bf4 Bd6 7. Bxd6 Qxd6 8.
Bd3 Bg4 9. O-O O-O 10. Re1 Nbd7 11. Nbd2 Rfe8 12. Qc2 h6 13. Rxe8+ Rxe8 14. Re1
Rxe1+ 15. Nxe1 Qe7 16. Nef3 Bxf3 17. Nxf3 b6 1/2-1/2

[Event "OSEM SH 2017"]
[Site "Büsum"]
[Date "2017.09.12"]
[Round "5.78"]
[White "Howe, Dietrich"]
[Black "Ludwig, Richard"]
[Result "0-1"]
[WhiteElo "1471"]
[BlackElo "1662"]
[Annotator "Gemkow,Jan Marten"]
[PlyCount "44"]
[EventDate "2017.??.??"]
[WhiteTeam "SK Kaltenkirchen"]
[BlackTeam "SV Irxleben"]

1. d4 Nf6 2. Nf3 d5 3. e3 Nc6 4. c3 e6 5. Bd3 Bd6 6. O-O e5 7. dxe5 Nxe5 8.
Nxe5 Bxe5 9. Nd2 O-O 10. Nf3 Bd6 11. Re1 Re8 12. Qc2 h6 13. h3 c6 14. b4 Bd7
15. Nd4 Qc8 16. Ne2 Ne4 17. f3 Ng3 18. Nf4 Bxf4 19. Kf2 Bd6 20. e4 dxe4 21.
Bxe4 Nxe4+ 22. Rxe4 Qc7 {Rest nicht rekonstruierbar} 0-1

[Event "OSEM SH 2017"]
[Site "Büsum"]
[Date "2017.09.12"]
[Round "5.79"]
[White "Boß, Kurt"]
[Black "Alicke, Manfred"]
[Result "0-1"]
[WhiteElo "1222"]
[BlackElo "1646"]
[PlyCount "94"]
[EventDate "2017.??.??"]
[WhiteTeam "Flensburger SK"]
[BlackTeam "SV Grevenbroich"]

1. e4 e6 2. Nc3 c6 3. Nf3 h6 4. Bd3 b5 5. a3 a5 6. Ne2 g5 7. c3 Bg7 8. b3 Ba6
9. e5 Ne7 10. b4 axb4 11. axb4 Qc7 12. c4 Bxe5 13. Bb2 Bxb2 14. Rb1 Bg7 15. c5
d6 16. Qc1 Nd7 17. O-O d5 18. Nc3 e5 19. Bc2 e4 20. Ne1 Be5 21. g3 Nf6 22. Kg2
g4 23. Ne2 Ng6 24. Rh1 Bc8 25. Bb3 Be6 26. d4 exd3 27. Nxd3 Nd7 28. Nef4 Nxf4+
29. gxf4 Bf6 30. Re1 Kf8 31. Re3 Bd4 32. Rg3 Nf6 33. Qd1 h5 34. Kf1 Bf5 35. Bc2
Ne4 36. Rg1 Nc3 37. Qd2 Nxb1 38. Bxb1 Ra1 39. Kg2 h4 40. Nb2 Rxb1 41. Qxd4
Rxg1+ 42. Kxg1 Rh7 43. Nd1 Be4 44. Qe3 Qe7 45. Qa3 Qf6 46. Qa8+ Kg7 47. Nc3
Qxc3 0-1

[Event "OSEM SH 2017"]
[Site "Büsum"]
[Date "2017.09.12"]
[Round "5.80"]
[White "Petersen, Günter"]
[Black "Kracht, Helmut"]
[Result "0-1"]
[WhiteElo "1615"]
[BlackElo "1979"]
[PlyCount "54"]
[EventDate "2017.??.??"]
[WhiteTeam "Segeberger SF"]
[BlackTeam "SK Kaltenkirchen"]

1. e4 g6 2. d4 Bg7 3. Nf3 d6 4. c3 Nf6 5. Bd3 O-O 6. O-O Nbd7 7. h3 c5 8. d5
Nb6 9. c4 Bd7 10. Nc3 Nh5 11. Nh2 Rc8 12. Rb1 Na8 13. f4 Bd4+ 14. Rf2 Nc7 15.
Ne2 Bxf2+ 16. Kxf2 b5 17. b3 bxc4 18. bxc4 Rb8 19. Bb2 Ne8 20. Ng4 Bxg4 21.
hxg4 Nhf6 22. Ng3 Ng7 23. f5 Nd7 24. Kg1 Ne5 25. Bxe5 dxe5 26. Rb5 a6 27. Rxc5
Qb6 0-1

[Event "OSEM SH 2017"]
[Site "Büsum"]
[Date "2017.09.12"]
[Round "5.81"]
[White "Erhart, Uwe"]
[Black "Van Houten, Henk"]
[Result "1-0"]
[WhiteElo "2035"]
[BlackElo "1645"]
[PlyCount "53"]
[EventDate "2017.??.??"]
[WhiteTeam "Raisdorfer SG"]
[BlackTeam "SC Gronau"]

1. e4 d6 2. d4 g6 3. Nf3 Bg7 4. Bd3 e6 5. O-O b6 6. c3 Bb7 7. Bg5 Bf6 8. Be3
Nd7 9. Na3 Be7 10. Qe2 h6 11. Nd2 e5 12. f4 exf4 13. Bxf4 Bg5 14. Qf2 f6 15. e5
f5 16. exd6 Bxf4 17. Qxf4 c6 18. Rae1+ Kf8 19. Bc4 Qg5 20. Qf2 Re8 21. Rxe8+
Kxe8 22. Re1+ Kd8 23. Qe2 Ngf6 24. Nf3 Qh5 25. Qe7+ Kc8 26. Be6 g5 27. Qxf6 1-0

[Event "OSEM SH 2017"]
[Site "Büsum"]
[Date "2017.09.12"]
[Round "5.82"]
[White "Hilbig, Klaus"]
[Black "Lambrecht, Harald"]
[Result "1-0"]
[WhiteElo "1646"]
[BlackElo "1414"]
[PlyCount "55"]
[EventDate "2017.??.??"]
[WhiteTeam "Ahrensburger TSV"]
[BlackTeam "SK Celle-Westercelle"]

1. d4 d5 2. Nf3 Nf6 3. e3 e6 4. Bd3 Nbd7 5. Nbd2 c5 6. b3 cxd4 7. exd4 Bd6 8.
O-O O-O 9. Bb2 Re8 10. Ne5 Bxe5 11. dxe5 Ne4 12. Nxe4 dxe4 13. Bxe4 Qc7 14. f4
f5 15. Bf3 Nc5 16. Ba3 a5 17. Qe2 Ra6 18. Qb5 Bd7 19. Qxc5 Qxc5+ 20. Bxc5 Bc6
21. Be2 Raa8 22. Rad1 Red8 23. Rxd8+ Rxd8 24. Rd1 Ra8 25. g4 g6 26. gxf5 exf5
27. Bc4+ Kg7 28. h4 1-0